[Event "POL-chT2"]
[Site "Wisla"]
[Date "1998.??.??"]
[Round "?"]
[White "Jasik, Krzysztof"]
[Black "Hnydiuk, Aleksander"]
[Result "1/2-1/2"]
[WhiteElo "2200"]
[BlackElo "2355"]

1.e4 c5 2.Nf3 e6 3.d4 cxd4 4.Nxd4 Nc6 5.Nc3 Qc7 6.Be2 Nf6 7.Be3 a6 8.O-O Be7
9.f4 d6 10.Nxc6 bxc6 11.Bf3 O-O 12.Qd2 Rb8 13.b3 d5 14.e5 Nd7 15.Ne2 c5 16.c4 d4
17.Bf2 a5 18.Nc1 a4 19.Rb1 Bb7 20.Bxb7 Rxb7 21.Nd3 Rc8 22.Qc2 axb3 23.axb3 g6
24.h3 Qc6 25.Rb2 h5 26.Rfb1 Kg7 27.Ne1 Rb6 28.Nf3 Qb7 29.b4 Rxb4 30.Rxb4 cxb4
31.Nxd4 Nc5 32.Nb5 b3 33.Qe2 Qa6 34.Kh1 Qa2 35.Rb2 Qa1+ 36.Kh2 Ra8 37.Nd6 Ra2
38.Bd4 Rxb2 39.Bxb2 Qa2 40.f5 gxf5 41.Qxh5 Qxb2 42.Qxf7+ Kh6 43.Qxe7 Qxe5+
44.Kh1 Qa1+ 45.Kh2 Qa5  1/2-1/2

[Event "POL-chT2"]
[Site "Wisla"]
[Date "1998.??.??"]
[Round "?"]
[White "Bielinski, Dariusz"]
[Black "Zaboklicki, Zbigniew"]
[Result "1-0"]
[WhiteElo "2215"]
[BlackElo "2095"]

1.e4 c5 2.Nf3 Nc6 3.d4 cxd4 4.Nxd4 e6 5.Nc3 a6 6.g3 Nge7 7.Bg2 b5 8.O-O Nxd4
9.Qxd4 Nc6 10.Qd3 Be7 11.f4 O-O 12.e5 Bb7 13.Ne4 Nb4 14.Qe2 Nd5 15.f5 f6
16.exf6 Bxf6 17.fxe6 Bd4+ 18.Kh1 Rxf1+ 19.Qxf1 dxe6 20.c3 Bb6 21.b3 Qd7 22.c4 bxc4
23.bxc4 Nf6 24.Nxf6+ gxf6 25.Bb2 Bxg2+ 26.Qxg2 Rf8 27.Rf1 Bd4 28.Rd1 e5 29.Bxd4 exd4
30.Qd5+ Qxd5+ 31.cxd5 Kf7 32.Rxd4 Ke7 33.Kg2 Kd6 34.Ra4 Kxd5 35.Rxa6 Ke5
36.Ra7 Rc8 37.a4 Kf5 38.Rxh7 Rc2+ 39.Kh3 Ra2 40.Rh5+ Kg6 41.Ra5 f5 42.Ra8 Ra3
43.Kh4 f4 44.gxf4 Kf5 45.a5 Kxf4 46.a6 Kf5 47.a7 Ra4+ 48.Kh5 Kf6 49.Rf8+  1-0

[Event "POL-chT2"]
[Site "Wisla"]
[Date "1998.??.??"]
[Round "?"]
[White "Bus, Mariusz"]
[Black "Kruszynski, Wlodzimierz"]
[Result "1-0"]
[WhiteElo "2370"]
[BlackElo "2335"]

1.e4 c5 2.Nf3 e6 3.d4 cxd4 4.Nxd4 Nc6 5.Nc3 a6 6.Nxc6 bxc6 7.Bd3 d6 8.O-O Nf6
9.b3 Be7 10.Bb2 O-O 11.Na4 d5 12.exd5 cxd5 13.Qe2 Bb7 14.c4 dxc4 15.Bxc4 Nd5
16.Rad1 Re8 17.Be5 Qa5 18.Rd3 f6 19.Qg4 Bc8 20.Bc3 Qc7 21.Rfd1 Bf8 22.Rh3 Nf4
23.Rf3 Ng6 24.Qh5 Rd8 25.Rxd8 Qxd8 26.Rd3 Qc7 27.Rh3 Qf4 28.Qxh7+ Kf7 29.Re3 Rb8
30.Qh3 f5 31.Qh5 Be7 32.g3 Qg5 33.Qxg5 Bxg5 34.Re2 Bd7 35.Nc5 Bc8 36.Nxe6 Bxe6
37.Bxe6+ Kf8 38.Bxf5 Ne7 39.Be6 Rd8 40.h4 Bf6 41.Bxf6 gxf6 42.Bc4 Ng6 43.Bxa6  1-0

[Event "POL-chT2"]
[Site "Wisla"]
[Date "1998.??.??"]
[Round "?"]
[White "Bielczyk, Jacek"]
[Black "Perdek, Miroslaw"]
[Result "1/2-1/2"]
[WhiteElo "2370"]
[BlackElo "2315"]

1.e4 c5 2.Nf3 e6 3.d4 cxd4 4.Nxd4 Nc6 5.Nc3 Qc7 6.Be2 a6 7.O-O Nf6 8.Kh1 Nxd4
9.Qxd4 Bc5 10.Qd3 b5 11.f4 Bb7 12.Bf3 h5 13.e5 Ng4 14.Bxb7 Qxb7 15.Ne4 Be7
16.Be3 Rc8 17.c3 Nh6 18.Rad1 Nf5 19.Bf2 h4 20.Rfe1 Rc4 21.Qf3 Qc7 22.Rd3 O-O
23.b3 Rc6 24.Red1 d5 25.exd6 Nxd6 26.Bxh4 Nxe4 27.Bxe7 Rxc3 28.Qxe4  1/2-1/2

[Event "POL-chT2"]
[Site "Wisla"]
[Date "1998.??.??"]
[Round "?"]
[White "Madynski, Pawel"]
[Black "Hnydiuk, Aleksander"]
[Result "0-1"]
[WhiteElo "2190"]
[BlackElo "2310"]

1.e4 c5 2.Nf3 e6 3.d4 cxd4 4.Nxd4 Nc6 5.Nc3 Qc7 6.Be3 a6 7.Be2 Nf6 8.a3 Be7
9.O-O O-O 10.f4 d6 11.Kh1 Rd8 12.Bf3 Ne5 13.Be2 Nc4 14.Bxc4 Qxc4 15.Qd3 Qc7
16.Nb3 b5 17.Rad1 Bb7 18.f5 d5 19.fxe6 fxe6 20.Qe2 dxe4 21.Nd4 Qc8 22.Bg5 Qc4
23.Qxc4 bxc4 24.Nxe6 Rxd1 25.Rxd1 Kf7 26.Nd4 Kg6 27.Bh4 Re8 28.Ne6 Ng4 29.Bg3 Bf6
30.Nf4+ Kf7 31.Rd7+ Re7 32.Rxe7+ Bxe7 33.Nfd5 Bc5 34.Nxe4 Bxa3 35.bxa3 Bxd5
36.Ng5+ Kg6 37.Nf3 Bxf3 38.gxf3 Ne3 39.c3 Kf5 40.Bd6 Nd5 41.Kg2 Nxc3 42.Kf2 Nd5
43.Ke2 g6 44.Kd2 Ke6 45.Bg3 h5 46.Kc2 Kf5 47.h4 g5 48.hxg5 Kxg5 49.Kd2 h4
50.Bh2 Kf5 51.Kc2 Ke6 52.Kd2 Ne7 53.Kc3 Kd5 54.Bg1 Nf5 55.Kd2 h3 56.Bh2 Nd4
57.Ke3 c3 58.Bf4 Kc4 59.Kf2 Kd3  0-1

[Event "POL-chT2"]
[Site "Wisla"]
[Date "1998.??.??"]
[Round "?"]
[White "Sek, Joachim"]
[Black "Flis, Jacek"]
[Result "1/2-1/2"]
[WhiteElo "2245"]
[BlackElo "2310"]

1.e4 c5 2.Nf3 e6 3.d4 cxd4 4.Nxd4 Nc6 5.Nc3 Qc7 6.Be2 a6 7.O-O Nf6 8.Kh1 Nxd4
9.Qxd4 Bc5 10.Qd3 b5 11.f4 Bb7 12.Bf3  1/2-1/2

[Event "POL-chT2"]
[Site "Wisla"]
[Date "1998.??.??"]
[Round "?"]
[White "Smagacz, Dariusz"]
[Black "Hnydiuk, Aleksander"]
[Result "0-1"]
[WhiteElo "2255"]
[BlackElo "2310"]

1.e4 c5 2.Nf3 e6 3.d4 cxd4 4.Nxd4 Nc6 5.Nc3 Qc7 6.Be2 Nf6 7.O-O a6 8.Be3 Be7
9.f4 d6 10.Kh1 O-O 11.a4 Rd8 12.Qe1 Nxd4 13.Bxd4 e5 14.Be3 exf4 15.Bxf4 Be6
16.Qg3 Nd7 17.Bh6 g6 18.Bg4 Ne5 19.Bxe6 fxe6 20.h4 Bf8 21.Bg5 Re8 22.h5 Bg7
23.hxg6 Nxg6 24.Rad1 Rf8 25.Qh3 Qc4 26.Qd3 Ne5 27.Rxf8+ Rxf8 28.Qg3 Rf1+
29.Rxf1 Qxf1+ 30.Kh2 h5  0-1

[Event "POL-chT2"]
[Site "Wisla"]
[Date "1998.??.??"]
[Round "?"]
[White "Szopka, Dariusz"]
[Black "Zaboklicki, Zbigniew"]
[Result "1-0"]
[WhiteElo "2215"]
[BlackElo "2095"]

1.e4 c5 2.Nf3 Nc6 3.d4 cxd4 4.Nxd4 e6 5.Nc3 a6 6.Bf4 d6 7.Nxc6 bxc6 8.Bc4 d5
9.Bb3 Nf6 10.O-O Be7 11.Ba4 Bd7 12.e5 Ng8 13.Qg4 g5 14.Be3 h5 15.Qe2 c5 16.Bxd7+ Qxd7
17.Rad1 Qc6 18.Bc1 O-O-O 19.f4 gxf4 20.Rxf4 f5 21.exf6 Bxf6 22.Qf3 Bxc3 23.bxc3 Ne7
24.Rf6 Rhg8 25.Re1 Rg6 26.Rxg6 Nxg6 27.Qf6 Nf8 28.Bh6 Qd6 29.Bf4 Qb6 30.Qf7 c4+
31.Be3 Qc7 32.Qxh5 Qh7 33.Qe5 Qc7 34.Qf6 Re8 35.Bd4 Qe7 36.Qxe7 Rxe7 37.Bc5 Rf7
38.Bxf8 Rxf8 39.Rxe6 Kc7 40.h3 Rb8 41.g4 Rb2 42.Re2 Rxa2 43.g5 Ra3 44.g6 Rxc3
45.g7 Rg3+ 46.Rg2 Rxg7 47.Rxg7+ Kc6 48.h4 d4 49.h5 c3 50.Rg3 a5 51.h6 d3
52.Rxd3  1-0

[Event "S&W Masters 8th op"]
[Site "Witley"]
[Date "1998.??.??"]
[Round "6"]
[White "Haslinger, Stewart"]
[Black "Kelly, Bryan"]
[Result "1/2-1/2"]
[WhiteElo "2225"]
[BlackElo "2390"]

1.e4 c5 2.Nf3 e6 3.d4 cxd4 4.Nxd4 Nc6 5.Nc3 d6 6.g4 a6 7.Be3 Nge7 8.Nb3 b5
9.Qe2 Na5 10.Nxa5 Qxa5 11.Bg2 Bb7 12.f4 b4 13.Nd1 e5 14.O-O exf4 15.Bxf4 Ng6
16.e5 d5 17.Be3 Bc5 18.Qf2 Bxe3 19.Nxe3 O-O 20.Nf5 Nxe5 21.Nxg7 Kxg7 22.Qf6+ Kg8
23.Qxe5 Qb6+ 24.Kh1 Rae8 25.Qg5+ Qg6 26.Qxg6+ fxg6 27.Rxf8+ Kxf8 28.Rd1  1/2-1/2

[Event "EUCup final (Women)"]
[Site "Wuppertal"]
[Date "1998.??.??"]
[Round "5"]
[White "Ciuksyte, Dagne"]
[Black "Borulia, Ekaterina"]
[Result "1/2-1/2"]
[WhiteElo "2270"]
[BlackElo "2375"]

1.e4 c5 2.Nf3 e6 3.Nc3 Nc6 4.d4 cxd4 5.Nxd4 Qc7 6.Be3 a6 7.Be2 Nf6 8.O-O Bb4
9.Nxc6 dxc6 10.Na4 b5 11.Nb6 Rb8 12.Nxc8 Rxc8 13.Bd3 O-O 14.a4 e5 15.c3 Bd6
16.axb5 axb5 17.Qc2 Ng4 18.Qe2 Nxe3 19.Qxe3 Ra8 20.g3 Qb7 21.Rfd1 Be7 22.b4 Qd7
23.Kg2 Qe6 24.Qe2 g6 25.c4 Bxb4  1/2-1/2

[Event "Zadar op"]
[Site "Zadar"]
[Date "1998.??.??"]
[Round "4"]
[White "Popovic, Ivo"]
[Black "Velcheva, Maria"]
[Result "1/2-1/2"]
[WhiteElo "2195"]
[BlackElo "2300"]

1.e4 c5 2.Nf3 Nc6 3.d4 cxd4 4.Nxd4 e6 5.Nc3 Qc7 6.Be3 a6 7.Bd3 Nf6 8.O-O Ne5
9.h3 Bc5 10.Na4 Ba7 11.c4 d6 12.Rc1 Bd7 13.Nc3 Rc8 14.b3 Bc5 15.a4 Qb6 16.Bb1 Nc6
17.Nce2 e5 18.Nxc6 bxc6 19.Rc3 Be6 20.Qxd6 Bxd6 21.Bxb6 Bb4 22.Rg3 c5 23.a5 g6
24.Rd1 Nd7 25.f4 exf4 26.Nxf4 Nxb6 27.axb6 Rd8 28.Nd5 Bxd5 29.cxd5 Rd6 30.Re3 Kd7
31.Rf1 f6 32.b7 Rb8 33.Ref3 Ke7 34.Re3 Kf7  1/2-1/2

[Event "Torneo de Pamplona 9th"]
[Site "Pamplona"]
[Date "1999.01.05"]
[Round "9"]
[White "Illescas Cordoba, Miguel"]
[Black "Krasenkow, Michal"]
[Result "1/2-1/2"]
[WhiteElo "2605"]
[BlackElo "2655"]

1.e4 c5 2.Nf3 e6 3.Nc3 Nc6 4.d4 cxd4 5.Nxd4 Nf6 6.Ndb5 d6 7.Bf4 e5 8.Bg5 a6
9.Na3 b5 10.Nd5 Be7 11.Bxf6 Bxf6 12.c3 Ne7 13.Nxf6+ gxf6 14.Be2 Bb7 15.Bf3 Qb6
16.Nc2 d5 17.exd5 Rd8 18.Qe2 Nxd5 19.Bxd5 Bxd5 20.Ne3 Be4 21.Qg4 Bd3 22.O-O-O Qe6
23.Qg7 Rf8 24.b3 e4 25.Kb2 h5 26.Qh6 Qe5 27.f4 exf3 28.gxf3 b4 29.Rc1 Rg8
30.Rhe1 Rg6 31.Qh8+ Kd7 32.Qh7 Rf8 33.Ka1 bxc3 34.Nc2 Be2 35.h4 Kc8 36.Kb1 Kb8
37.f4 Qe4 38.f5 Rgg8 39.Qh6 Qe5 40.Nb4 Qxf5+ 41.Ka1 Qf2 42.Nd5 Bg4 43.Nxc3 Rc8
44.Rf1 Rg6 45.Rxf2 Rxh6 46.Kb2 f5 47.Nd5 Rxc1 48.Kxc1 Rd6 49.Ne3 Rd4 50.Nxf5 Bxf5  1/2-1/2

[Event "Rilton Cup 9899"]
[Site "Stockholm"]
[Date "1999.01.05"]
[Round "8"]
[White "Meijers, Viesturs"]
[Black "Skytte, Rasmus"]
[Result "1/2-1/2"]
[WhiteElo "2410"]
[BlackElo "2215"]

1.e4 c5 2.Nf3 e6 3.d4 cxd4 4.Nxd4 Nc6 5.Nc3 Qc7 6.Be2 a6 7.O-O b5 8.a3 Bb7
9.Kh1 Nf6 10.Bg5 Be7 11.f4 h6 12.Bxf6 Bxf6 13.e5 Be7 14.Bf3 Rd8 15.Nxc6 Bxc6
16.Qe1 O-O 17.Qg3 d6 18.Bxc6 Qxc6 19.Rae1 Qc4 20.Qf3 dxe5 21.fxe5 Rd4 22.Qb7 Bxa3
23.Ne4 Rxe4 24.Qxe4 Qxe4 25.Rxe4 Bxb2 26.c4 bxc4 27.Rxc4 Bxe5 28.Rfc1 a5
29.Ra4 Bb2 30.Rc2 Rb8 31.g3 Rb5 32.Rc8+ Kh7 33.Rc7 Rf5 34.Kg2 h5 35.h3 Kg6
36.g4 hxg4 37.hxg4 Rd5 38.Ra7 Bc3 39.Rc4 Rd3 40.Rcc7 f5 41.Rc6 Kg5 42.gxf5 exf5
43.Rac7 Bf6 44.Ra7 Kg4 45.Rxf6 gxf6 46.Rxa5 f4 47.Ra2 Re3 48.Ra8 Re2+ 49.Kf1 Rb2
50.Ra3 Rb8 51.Kf2 f5 52.Ra2 Rh8 53.Kf1 Rh3 54.Rc2 Rh1+ 55.Kg2 Rd1 56.Kf2 Rd3
57.Ra2 Rh3 58.Kf1 Rh1+ 59.Kg2 Rb1 60.Kf2 Rb4 61.Rc2 f3 62.Rc8 Rb2+ 63.Kf1 Kg3
64.Rg8+ Kf4 65.Ra8 Rb4 66.Kf2 Re4 67.Rb8 Re2+ 68.Kf1 Rh2 69.Ra8 f2 70.Ra4+ Kg3
71.Ra3+ Kg4 72.Ra4+ f4 73.Ra3 Kf5 74.Ra8 Ke4 75.Ra4+ Kf5 76.Ra3 Kg4 77.Rb3 Rh3
78.Rxh3 Kxh3 79.Kxf2 Kg4 80.Kg2 f3+ 81.Kf2 Kf4 82.Kf1 Kg3 83.Kg1 f2+ 84.Kf1 Kf3  1/2-1/2

[Event "Australian op"]
[Site "Suncoast"]
[Date "1999.01.06"]
[Round "5"]
[White "Speck, Nick"]
[Black "Milov, Vadim"]
[Result "0-1"]
[WhiteElo "2255"]
[BlackElo "2640"]

1.e4 c5 2.Nc3 Nc6 3.Nf3 e6 4.d4 cxd4 5.Nxd4 Qc7 6.Be2 a6 7.O-O b5 8.Nxc6 dxc6
9.f4 e5 10.fxe5 Bc5+ 11.Kh1 Ne7 12.Bg4 Ng6 13.e6 Bxe6 14.Bxe6 fxe6 15.Bg5 Qe5
16.Qg4 Rf8 17.Ne2 Bd6 18.Ng3 Ra7 19.Bd2 b4 20.a3 Rxf1+ 21.Rxf1 a5 22.Qh3 Rf7
23.axb4 Rxf1+ 24.Nxf1 axb4 25.Qd3 Qb5 26.Qxb5 cxb5 27.g3 Ne5 28.Bf4 Kd7 29.Bxe5 Bxe5
30.b3 Bc3 31.h3 Kd6 32.Kg2 Ke5 33.Kf3 Kd4 34.Ne3 Bd2 35.Nd1 Bg5 36.Kg4 Bc1
37.Kf3 Bg5 38.Kg4 Be7 39.Kf4 Bd6+ 40.Kf3 h5  0-1

[Event "Tapolca op"]
[Site "Budapest"]
[Date "1999.01.08"]
[Round "1"]
[White "Nagy, Mihaly"]
[Black "Szabolcsi, Janos"]
[Result "1/2-1/2"]
[WhiteElo "2115"]
[BlackElo "2425"]

1.e4 c5 2.Nf3 e6 3.d4 cxd4 4.Nxd4 Nc6 5.Nc3 Qc7 6.Be3 a6 7.Be2 Nf6 8.O-O Bb4
9.Qd3 Ne5 10.Ndb5 axb5 11.Nxb5 Qb8 12.Qb3 Neg4 13.g3 Be7 14.Bb6 Ra6 15.Nc7+ Kf8
16.Nxa6 bxa6 17.Bd4 Qc7 18.Rad1 Ne5 19.f4 Nc6 20.Bb6 Qb8 21.e5 Nd5 22.Bf2 Qxb3
23.axb3 g5 24.Bf3 gxf4 25.Bxd5 exd5 26.Rxd5 Rg8 27.Re1 a5 28.Re4 fxg3 29.hxg3 Rg5
30.c4 Ke8 31.Rh4 h5 32.e6 dxe6 33.Rxg5 Bxg5 34.Rxh5 Bf6 35.Bb6 e5 36.Rh6 Ke7
37.Bc5+ Ke6 38.g4 Ne7 39.g5 Ng8 40.Rxf6+ Nxf6 41.gxf6 Kxf6 42.Bb6 Kf5 43.Kf2 Ke4
44.Ke2 f5 45.Bxa5 f4 46.Bb6 Bg4+ 47.Kd2 Kf3 48.b4 e4 49.b5 e3+ 50.Bxe3 fxe3+
51.Ke1 Ke4 52.b6 Bc8 53.c5 Bb7 54.b4 Kd4 55.Ke2 Bc6 56.Ke1 Bf3 57.Kf1 Kc3
58.Ke1 Kxb4  1/2-1/2

[Event "Troll Masters"]
[Site "Gausdal"]
[Date "1999.01.09"]
[Round "1"]
[White "Bjornsson, Sigurbjorn"]
[Black "Borge, Nikolaj"]
[Result "1/2-1/2"]
[WhiteElo "2190"]
[BlackElo "2455"]

1.e4 c5 2.Nf3 e6 3.d4 cxd4 4.Nxd4 Nc6 5.Nc3 Qc7 6.g3 a6 7.Bg2 Nf6 8.O-O Bc5
9.Nb3 Ba7 10.Bf4 Ne5 11.Qe2 d6 12.Rad1 Nfd7 13.a4 O-O 14.Kh1 Nb6 15.Bc1 Bd7
16.f4 Nec4 17.f5 Nxa4 18.Nxa4 Bxa4 19.f6 Ne5 20.Qd2 Rfc8 21.Qg5 Ng6 22.h4 Qxc2
23.h5 Bxb3 24.hxg6 hxg6 25.fxg7 Rc5 26.Rd5 Qe2 27.Qf6 Qxf1+ 28.Bxf1 exd5
29.Bh6 dxe4 30.Qxd6 Rh5+ 31.Kg2 Rxh6 32.Qb4 Bd5 33.Qd6 e3+ 34.Qxd5 Re8 35.Bc4 Re6
36.Qd8+ Kxg7 37.Bxe6 fxe6 38.Qe7+ Kg8 39.Qe8+ Kg7 40.Qe7+ Kg8 41.Qe8+ Kg7
42.Qe7+ Kg8 43.Qe8+  1/2-1/2

[Event "Bundesliga 9899"]
[Site "Germany"]
[Date "1999.01.09"]
[Round "7.7"]
[White "Voekler, Bernd"]
[Black "Klebel, Martin"]
[Result "0-1"]
[WhiteElo "2360"]
[BlackElo "2405"]

1.e4 c5 2.Nf3 e6 3.d4 cxd4 4.Nxd4 Nc6 5.Nc3 Qc7 6.f4 Nxd4 7.Qxd4 a6 8.Be3 b5
9.O-O-O Bb7 10.Be2 Rc8 11.Rd2 Nf6 12.Bf3 Be7 13.Rg1 O-O 14.e5 b4 15.Na4 Bxf3
16.gxf3 Nd5 17.f5 Nxe3 18.Qxe3 exf5 19.Nb6 f4  0-1

[Event "Excelsior Cup"]
[Site "Goteborg"]
[Date "1999.01.12"]
[Round "6"]
[White "Hector, Jonny"]
[Black "Ziegler, Ari"]
[Result "1-0"]
[WhiteElo "2542"]
[BlackElo "2402"]

1.e4 c5 2.Nf3 Nc6 3.Nc3 e6 4.d4 cxd4 5.Nxd4 Nf6 6.Nxc6 bxc6 7.e5 Nd5 8.Ne4 Qc7
9.f4 Qa5+ 10.Bd2 Qb6 11.Bd3 Ba6 12.Bxa6 Qxa6 13.b3 Qb6 14.Qe2 f5 15.exf6 Nxf6
16.Nxf6+ gxf6 17.Qh5+ Ke7 18.O-O-O Qb5 19.f5 e5 20.Rhe1 a5 21.Kb1 d6 22.a4 Qb8
23.Bc1 Ra7 24.g4 Rd7 25.g5 Bg7 26.Ba3 c5 27.Bxc5 Qe8 28.Rxe5+ fxe5 29.f6+ Bxf6
30.gxf6+ Kd8 31.Bb6+ Kc8 32.Qf5 Kb7 33.Bxa5 d5 34.Bb4 Qf7 35.Qxe5 Rc8 36.Bd6 Kc6
37.Qc3+  1-0

[Event "Linares Anibal op"]
[Site "Linares"]
[Date "1999.01.13"]
[Round "6"]
[White "Asrian, Karen"]
[Black "Yandemirov, Valeri"]
[Result "0-1"]
[WhiteElo "2600"]
[BlackElo "2470"]

1.e4 c5 2.Nf3 Nc6 3.d4 cxd4 4.Nxd4 e6 5.Nc3 Qc7 6.Be2 a6 7.O-O Nf6 8.Be3 Bb4
9.Na4 O-O 10.Nxc6 bxc6 11.Nb6 Rb8 12.Nxc8 Rfxc8 13.Bxa6 Rf8 14.Bd3 Bd6 15.f4 e5
16.f5 Rxb2 17.Kh1 Qa5 18.a4 Rb7 19.g4 Bc5 20.Bxc5 Qxc5 21.g5 Ne8 22.a5 d5
23.a6 Rb4 24.a7 Nc7 25.Qe1 Ra8 26.g6 f6 27.gxh7+ Kh8 28.Rg1 dxe4 29.Bxe4 Nd5
30.c4 Rxc4 31.Qg3 Rxa7 32.Qg6 Nf4 33.Qe8+ Kxh7 34.Rxa7 Qxa7 35.Bf3 Ra4 36.Qxc6 Ra1
37.Bd1 Qd4 38.Qb7 Qd5+ 39.Qxd5 Nxd5 40.Bf3 Rxg1+ 41.Kxg1 Ne7 42.Bg4 Kh6 43.h4 g6
44.fxg6 Nxg6 45.h5 Nf4  0-1

[Event "South Wales 2nd"]
[Site "Newport"]
[Date "1999.01.13"]
[Round "5"]
[White "Cobb, Charles"]
[Black "Sheldon, Ruth"]
[Result "0-1"]
[WhiteElo "2275"]
[BlackElo "2265"]

1.e4 c5 2.Nc3 Nc6 3.Nf3 e6 4.d4 cxd4 5.Nxd4 Qc7 6.Be3 a6 7.Bd3 Nf6 8.O-O Ne5
9.h3 Bc5 10.f4 Nc6 11.Be2 d6 12.Qd3 Nb4 13.Qd2 e5 14.fxe5 dxe5 15.Nb3 Bxe3+
16.Qxe3 Nxc2 17.Qg5 Qb6+ 18.Kh1 Nxa1 19.Nxa1 O-O 20.Qxe5 Bd7 21.Qg3 Qxb2
22.e5 Ne4 23.Nxe4 Qxe2 24.Re1 Qb5 25.Nb3 Rad8 26.Nd4 Qb4 27.Nf6+ Kh8 28.Nxd7 Rxd7
29.Nf5 Rg8 30.Nd6 f6 31.Rf1 Rgd8 32.Nf5 fxe5 33.Qxe5 Qb5 34.Re1 Qxe5 35.Rxe5  0-1

[Event "Troll Masters"]
[Site "Gausdal"]
[Date "1999.01.14"]
[Round "8"]
[White "De Firmian, Nick E"]
[Black "Borge, Nikolaj"]
[Result "1-0"]
[WhiteElo "2605"]
[BlackElo "2455"]

1.e4 c5 2.Nf3 e6 3.d4 cxd4 4.Nxd4 Nc6 5.Nc3 Qc7 6.g3 a6 7.Bg2 Nf6 8.O-O Bc5
9.Nxc6 dxc6 10.Na4 Ba7 11.c4 Nd7 12.Qg4 Bd4 13.Bf4 Qa5 14.Rad1 h5 15.Qg5 Qxg5
16.Bxg5 e5 17.c5 f6 18.Bc1 h4 19.Rfe1 hxg3 20.hxg3 Nf8 21.Nb6 Rb8 22.Rxd4  1-0

[Event "ISR-chT"]
[Site "Israel"]
[Date "1999.01.15"]
[Round "2"]
[White "Yudasina, Irina"]
[Black "Polgar, Sofia"]
[Result "0-1"]
[WhiteElo "2120"]
[BlackElo "2505"]

1.e4 c5 2.Nf3 Nc6 3.d4 cxd4 4.Nxd4 e6 5.Nc3 d6 6.g3 Nxd4 7.Qxd4 Ne7 8.Bg2 Nc6
9.Qd2 Be7 10.b3 a6 11.Bb2 Qa5 12.O-O O-O 13.Rad1 Bf6 14.Na4 Bxb2 15.Qxa5 Nxa5
16.Nxb2 Rd8 17.c4 Nc6 18.Rd2 e5 19.Na4 b5 20.cxb5 axb5 21.Nb6 Rb8 22.Nd5 Kf8
23.Rc1 Nd4 24.f3 Be6 25.Nb4 Rdc8 26.Rcd1 Rc3 27.Kf2 Rbc8 28.f4 g6 29.h3 h5
30.Rxd4 exd4 31.Rxd4 Rd8 32.Bf1 Rc5 33.a4 bxa4 34.bxa4 Ra8 35.Bb5 Bb3 36.Nd5 Bxd5
37.exd5 Rc3 38.Rd2 h4 39.gxh4 Rxh3 40.Kg2 Rxh4 41.Kg3 Rh1 42.Rc2 Rd1 43.Bc6 Rb8
44.Rc3 Rbb1 45.Re3 Kg7 46.Re2 Kf6 47.Re3 Rg1+ 48.Kf3 Rbf1+ 49.Ke4 Re1 50.Bb5 Rxe3+
51.Kxe3 Ra1 52.Bd7 g5 53.fxg5+ Kxg5 54.Kd3 f5 55.Kc3 f4 56.Kb2 Rd1  0-1

[Event "Hoogovens 5'"]
[Site "Wijk aan Zee"]
[Date "1999.01.18"]
[Round "3"]
[White "Kasimdzhanov, Rustam"]
[Black "Timman, Jan H"]
[Result "0-1"]
[WhiteElo "2595"]
[BlackElo "2649"]

1.e4 c5 2.Nf3 e6 3.d4 cxd4 4.Nxd4 Nc6 5.Nc3 a6 6.g3 Nge7 7.Nb3 Na5 8.Bg2 Nec6
9.O-O Be7 10.Nxa5 Qxa5 11.Bd2 Qc7 12.Kh1 d6 13.f4 O-O 14.a4 b6 15.Be3 Bb7
16.Qe2 Na5 17.Rad1 Rac8 18.Bc1 Qc4 19.Rd3 Rfd8 20.Rfd1 Bf8 21.Qf2 Qc7 22.b3 Ba8
23.Be3 Rb8 24.f5 Nc6 25.Bf4 Ne5 26.Bxe5 dxe5 27.fxe6 fxe6 28.Bh3 Re8 29.Bg2 Bc5
30.Qe2 Rbd8 31.Rxd8 Rxd8 32.Rxd8+ Qxd8 33.Qxa6 Bb4 34.Ne2 Qd1+ 35.Ng1 Bc5
36.Qf1 Qxf1 37.Bxf1 Bxe4+ 38.Bg2 Bxc2 39.Nf3 e4 40.Ng5 e3 41.Bf3 Bd3 42.Nxe6 e2
43.Bxe2 Be4+  0-1

[Event "Hoogovens 5'"]
[Site "Wijk aan Zee"]
[Date "1999.01.18"]
[Round "11"]
[White "Ivanchuk, Vassily"]
[Black "Kasimdzhanov, Rustam"]
[Result "1-0"]
[WhiteElo "2714"]
[BlackElo "2595"]

1.e4 c5 2.Nf3 e6 3.d4 cxd4 4.Nxd4 Nc6 5.Nc3 Qc7 6.g3 a6 7.Bg2 d6 8.O-O Bd7
9.Be3 Nf6 10.Nxc6 Bxc6 11.a4 Be7 12.a5 O-O 13.Re1 Rac8 14.Qd2 Rfe8 15.h3 Nd7
16.Bd4 Ne5 17.b3 Bd7 18.f4 Nc6 19.Bb6 Qb8 20.Na4 Na7 21.Nb2 Bc6 22.c4 Bd7
23.e5 Nc6 24.Rad1 d5 25.cxd5 exd5 26.Nd3 Bf5 27.Nc5 Rcd8 28.b4 Bxc5+ 29.bxc5 Rc8
30.Qxd5 Nb4 31.Qd6 Qa8 32.g4 Be6 33.f5 Bb3 34.Rb1 Nc2 35.Red1 Ba4 36.Rd3 Bc6
37.Bxc6 bxc6 38.e6 fxe6 39.fxe6 h6 40.Rb2 Ne1 41.Re3 Rcd8 42.Bxd8 Rxd8 43.e7 Nf3+
44.Kf2 Re8 45.Rxf3 Qc8 46.Re2 Qb7 47.Rf8+  1-0

[Event "Maalox Plus op"]
[Site "Brasilia"]
[Date "1999.01.23"]
[Round "4"]
[White "Van Riemsdijk, Herman C"]
[Black "Benares de sa Leitao, Ricardo"]
[Result "1-0"]
[WhiteElo "2405"]
[BlackElo "2295"]

1.e4 c5 2.Nf3 e6 3.d4 cxd4 4.Nxd4 Nc6 5.Nc3 Qc7 6.g3 Nf6 7.Bg2 a6 8.O-O Be7
9.Re1 d6 10.Nxc6 bxc6 11.e5 dxe5 12.Rxe5 O-O 13.Bf4 Bd6 14.Rxe6 Bxf4 15.Rxc6 Qa5
16.Rxf6 Be5 17.Rxf7 Rxf7 18.Bxa8 Qb6 19.Ne4 Bf5 20.Bd5 Bxe4 21.Bxf7+ Kxf7
22.Qh5+ Kf6 23.Qh4+ Kf5 24.Re1 Qc6 25.Qh5+ Kf6 26.Qe2 Qxc2 27.Qxe4 Qxb2 28.Qf3+  1-0

[Event "Ubeda op"]
[Site "Ubeda"]
[Date "1999.01.23"]
[Round "4"]
[White "Saravanan, V."]
[Black "Vera, Reynaldo"]
[Result "1/2-1/2"]
[WhiteElo "2390"]
[BlackElo "2530"]

1.e4 c5 2.Nc3 e6 3.Nge2 Nc6 4.d4 cxd4 5.Nxd4 d6 6.Be3 Nf6 7.f3 Be7 8.Qd2 O-O
9.g4 d5 10.g5 Nh5 11.Rg1 Bb4 12.exd5 exd5 13.a3 Ba5 14.Nb3 Bxc3 15.Qxc3 Bf5
16.O-O-O Rc8 17.Bd3 Bxd3 18.Rxd3 Re8 19.Qd2 Qe7 20.Bc5 Qe6 21.Rxd5 Nf4 22.Rd6 Qf5
23.Kb1 Re2 24.Qd1 Rxh2 25.Bxa7 g6 26.Bc5 Re8 27.Rf6 Rd8 28.Rxf5 Rxd1+ 29.Rxd1 gxf5
30.Bd6 Rh4 31.Nd4 Nxd4 32.Rxd4 Rh1+ 33.Ka2 Ne2 34.Rc4 Nc1+ 35.Kb1 Ne2+  1/2-1/2

[Event "Hoogovens-B"]
[Site "Wijk aan Zee"]
[Date "1999.01.26"]
[Round "7"]
[White "Nijboer, Friso"]
[Black "Brodsky, Michail"]
[Result "1-0"]
[WhiteElo "2534"]
[BlackElo "2530"]

1.e4 c5 2.Nf3 Nc6 3.d4 cxd4 4.Nxd4 e6 5.Nc3 Qc7 6.f4 Nxd4 7.Qxd4 a6 8.Be3 b5
9.Be2 Bb7 10.O-O Rc8 11.Rac1 Nf6 12.Bf3 h5 13.h3 h4 14.e5 Nh5 15.Bxb7 Qxb7
16.Qe4 Qc6 17.Qxc6 Rxc6 18.Ne4 Rc4 19.Nd2 Rc6 20.Kf2 d5 21.exd6 Bxd6 22.Kf3 Ng3
23.Rfd1 e5 24.c4 exf4 25.Bf2 bxc4 26.Rxc4 Kd7 27.Rd4 Kc8 28.Rc4 Kd7 29.b4 Rhc8
30.Bc5 Ke6 31.Nb3 Nf5 32.Na5 R6c7 33.Re4+ Be5 34.Nc4 f6 35.Rde1 Rxc5 36.bxc5 Rxc5
37.Rxf4 g5 38.Nxe5  1-0

[Event "Bundesliga 9899"]
[Site "Germany"]
[Date "1999.01.30"]
[Round "8.2"]
[White "Kindermann, Stefan"]
[Black "Ribli, Zoltan"]
[Result "1/2-1/2"]
[WhiteElo "2541"]
[BlackElo "2582"]

1.e4 c5 2.Nf3 Nc6 3.d4 cxd4 4.Nxd4 e6 5.Nc3 Qc7 6.Be2 a6 7.O-O Nf6 8.Kh1 Be7
9.f4 d6 10.Be3 O-O 11.a4 Re8 12.Bd3 Nb4 13.a5 Bd7 14.Nf3 Rac8 15.Bb6 Qb8
16.Qe1 e5 17.fxe5 dxe5 18.Qg3 Bc5 19.Ng5 Be7 20.Nf3 Bc5 21.Ng5 Be7  1/2-1/2

[Event "Hoogovens-B"]
[Site "Wijk aan Zee"]
[Date "1999.01.30"]
[Round "10"]
[White "De Vreugt, Dennis"]
[Black "Brodsky, Michail"]
[Result "1-0"]
[WhiteElo "2378"]
[BlackElo "2530"]

1.e4 c5 2.Nf3 Nc6 3.d4 cxd4 4.Nxd4 e6 5.Nc3 Qc7 6.f4 Nxd4 7.Qxd4 a6 8.a4 d6
9.Be3 Nf6 10.Be2 Be7 11.O-O O-O 12.a5 Bd7 13.Bf3 Bc6 14.Rfc1 Rac8 15.Qd3 Nd7
16.Qd2 Bf6 17.Rd1 Be7 18.Kh1 Rfd8 19.Ne2 Nc5 20.Nc3 Nd7 21.Bd4 Bf6 22.Ne2 e5
23.Bc3 exf4 24.Bxf6 Nxf6 25.Qxf4 Qe7 26.Nc3 Qe5 27.Qxe5 dxe5 28.Kg1 Kf8 29.Kf2 Rd4
30.Ke3 Rcd8 31.Rab1 Ke7 32.b4 h5 33.h3 g6 34.Rd3 R8d7 35.h4 Ke6 36.Rb3 Rc4
37.Rxd7 Kxd7 38.Be2 Ng4+ 39.Kd2 Rd4+ 40.Bd3 f5  1-0

[Event "BL2-N9899"]
[Site "Germany"]
[Date "1999.01.31"]
[Round "5.2"]
[White "Hector, Jonny"]
[Black "Hegeler, Frank"]
[Result "1/2-1/2"]
[WhiteElo "2510"]
[BlackElo "2360"]

1.e4 c5 2.Nf3 Nc6 3.Nc3 e6 4.d4 cxd4 5.Nxd4 Qc7 6.Be3 a6 7.Bd3 Nf6 8.O-O b5
9.Nxc6 Qxc6 10.Re1 Bb7 11.a3 Rc8 12.Qf3 Qc7 13.Bf4 Bd6 14.Bxd6 Qxd6 15.Rad1 Qe5
16.a4 b4 17.Nd5 Nxd5 18.exd5 Qxb2 19.Qe3 O-O 20.Rb1 Qc3 21.Rb3 Qc5 22.dxe6 fxe6
23.Qxc5 Rxc5 24.Rxb4 Bc6 25.f3 a5 26.Rh4 g6 27.Rb1 Rc3 28.Kf1 Ra3 29.Bb5 Rc3
30.Rb2 Rb8 31.Rd4 d6 32.Rd3 Rc5 33.Rdb3 Kf7 34.Ke2 Bxb5+ 35.axb5 a4 36.Ra3 Rcxb5
37.Rxb5 Rxb5 38.Rxa4 Kf6 39.h4 Rc5 40.Kd3 h5 41.Rf4+  1/2-1/2

[Event "BL2-W9899"]
[Site "Germany"]
[Date "1999.01.31"]
[Round "5.4"]
[White "Dueball, Juergen"]
[Black "David, Alberto"]
[Result "0-1"]
[WhiteElo "2350"]
[BlackElo "2533"]

1.e4 c5 2.Nf3 e6 3.d4 cxd4 4.Nxd4 Nc6 5.Nc3 Qc7 6.g3 a6 7.Bg2 d6 8.O-O Bd7
9.Re1 Be7 10.Nxc6 Bxc6 11.a4 b6 12.Qg4 h5 13.Qe2 h4 14.Ra3 hxg3 15.hxg3 Nf6
16.Bg5 O-O 17.Rb3 Rfc8 18.f4 Qa7 19.Kh2 Rab8 20.g4 b5 21.axb5 axb5 22.Bxf6 Bxf6
23.g5 Bd4 24.f5 Qc5 25.Nd5 exd5 26.Qh5 dxe4 27.Rh3 Qe5+ 28.Kh1 Kf8 29.Rf1 Ke8
30.c3 Bc5 31.b4 Bb6 32.f6 g6 33.Qg4 Kd8 34.Rh7 Bd5  0-1

[Event "Bundesliga 9899"]
[Site "Germany"]
[Date "1999.01.31"]
[Round "9.5"]
[White "Vatter, Hans Joachim"]
[Black "Hansen, Curt"]
[Result "0-1"]
[WhiteElo "2412"]
[BlackElo "2608"]

1.e4 c5 2.Nf3 e6 3.d4 cxd4 4.Nxd4 Nc6 5.Nc3 d6 6.Be3 Nf6 7.f3 Be7 8.Qd2 O-O
9.g4 d5 10.g5 Nd7 11.exd5 Nxd4 12.Qxd4 Bxg5 13.O-O-O exd5 14.Bxg5 Qxg5+ 15.f4 Qh6
16.Nxd5 Nb6 17.Nxb6 axb6 18.Bc4 b5 19.Bb3 Bg4 20.Rd2 Be6 21.a3 Bxb3 22.cxb3 Qc6+  0-1